[Event "Commonwealth-ch"]
[Site "Mumbai"]
[Date "2003.04.26"]
[Round "9"]
[White "Vishal, Shah"]
[Black "Sharma, Dinesh Kumar"]
[Result "0-1"]
[WhiteElo "2086"]
[BlackElo "2384"]
[PlyCount "92"]
[EventDate "2003.04.20"]
[EventType "swiss"]
[EventRounds "10"]
[EventCountry "IND"]
[SourceTitle "CBM 093 Extra"]
[Source "ChessBase"]
[SourceDate "2003.05.09"]
[SourceVersion "1"]
[SourceVersionDate "2003.05.09"]
[SourceQuality "1"]

1. d4 d5 2. c4 e6 3. Nc3 c6 4. e3 Nf6 5. Nf3 Nbd7 6. Bd3 dxc4 7. Bxc4 b5 8. Bd3 a6 9. e4 c5 10. e5 cxd4 11. Nxb5 axb5 12. exf6 gxf6 13. 0-0 Qb6 14. Qe2 b4 15. Rd1 Bc5 16. b3 Bb7 17. Bb2 Bxf3 18. Qxf3 Ke7 19. Qe4 Ne5 20. Bf1 Rhg8 21. Kh1 Rad8 22. h3 Ng6 23. Rac1 f5 24. Qc2 Rc8 25. Qd2 e5 26. Rc4 Nf4 27. Re1 Kd6 28. Rxe5 Kxe5 29. Qe3+ Kd5 30. Qxf4 Qf6 31. g3 Qe5 32. Qh6 Qe1 33. Rc1 Qxf2 34. Bg2+ Ke5 35. g4 Rg6 36. Qh5 Qxb2 37. Qxf5+ Kd6 38. Qd5+ Ke7 39. Rf1 Re6 40. Qg5+ f6 41. Qg7+ Kd6 42. Qb7 Rc7 43. Qd5+ Ke7 44. g5 Qe2 45. gxf6+ Kf7 46. Qh5+ Qxh5 0-1